Western words /

Đã lưu trong:
Sonraí Bibleagrafaíochta
Príomhúdar: Adams, F.
Formáid: Sách giấy
Teanga:English
Foilsithe: Oklahoma : , 1968
Clibeanna: Cuir Clib Leis
Gan Chlibeanna, Bí ar an gcéad duine leis an taifead seo a chlibeáil!
Thư viện lưu trữ: Thư viện Trường Đại học Đà Lạt
LEADER 00524nam a2200253 4500
001 DLU020018741
005 ##10/9/2001
020 # # |a 978- 
041 # # |a eng 
082 # # |a 423  |b AD-F 
100 # # |a Adams, F. 
245 # # |a Western words /  |c Adams F. 
260 # # |a Oklahoma :  |b ,  |c 1968 
300 # # |a X, 355 tr.;   |c 24 cm. 
992 # # |a 0 
994 # # |a DLU 
998 # # |a TK 
900 # # |a False 
911 # # |a Administrator 
925 # # |a G 
926 # # |a A 
927 # # |a SH 
980 # # |a Thư viện Trường Đại học Đà Lạt